Baculovirus expression systems and biopesticides / (Record no. 18829)

000 -LEADER
fixed length control field 00778cam a2200241 a 4500
020 ## - INTERNATIONAL STANDARD BOOK NUMBER
ISBN 0471065803 (acidfree paper)
040 ## - CATALOGING SOURCE
Transcribing agency DLC
082 00 - DEWEY DECIMAL CLASSIFICATION NUMBER
Classification number 576 WIL 1995 C155 Or.
245 00 - TITLE STATEMENT
Title Baculovirus expression systems and biopesticides /
260 ## - PUBLICATION, DISTRIBUTION, ETC. (IMPRINT)
Place of publication New York :
Name of publisher Wiley-Liss,
Year of publication c1995.
300 ## - PHYSICAL DESCRIPTION
Number of Pages x, 259 p. :
Other physical details ill. ;
Dimensions 25 cm.
650 #0 - SUBJECT ADDED ENTRY--TOPICAL TERM
Topical Term Baculoviruses
650 #0 - SUBJECT ADDED ENTRY--TOPICAL TERM
Topical Term Insect cell biotechnology.
650 #0 - SUBJECT ADDED ENTRY--TOPICAL TERM
Topical Term Biological pest control agents.
650 #2 - SUBJECT ADDED ENTRY--TOPICAL TERM
Topical Term Baculoviridae
650 #2 - SUBJECT ADDED ENTRY--TOPICAL TERM
Topical Term Gene Expression.
650 #2 - SUBJECT ADDED ENTRY--TOPICAL TERM
Topical Term Pest Control, Biological.
650 #2 - SUBJECT ADDED ENTRY--TOPICAL TERM
Topical Term Cells, Cultured.
700 1# - ADDED ENTRY--PERSONAL NAME
Personal name Shuler, Michael L.,
856 42 - ELECTRONIC LOCATION AND ACCESS
Uniform Resource Identifier http://www.loc.gov/catdir/description/wiley033/94017194.html
856 4# - ELECTRONIC LOCATION AND ACCESS
Uniform Resource Identifier http://www.loc.gov/catdir/toc/onix04/94017194.html
942 ## - ADDED ENTRY ELEMENTS (KOHA)
Koha item type ADB
952 ## - LOCATION AND ITEM INFORMATION (KOHA)
Withdrawn status [LOCAL, KOHA] 0
Holdings
Koha item type Source of acquisition Lost status Permanent Location Current Location Date acquired Full call number
សៀវភៅភាសាអង់គ្លេសA38500 Library Block CLibrary Block C2020-01-28576 WIL 1995 C155 Or.
មជ្ឈមណ្ឌលឯការនៃសាកលវិទ្យាល័យភូមិន្ទកសិកម្មចំការដូង

Powered by Koha